000 00529nam a22002057a 4500
003 Nust
005 20220121112601.0
008 170120b xxu||||| |||| 00| 0 eng d
020 _a9780-07-0601727
038 _akhadija
040 _c.
082 _a620.00151535 BUC
100 _aBuchanan, George R.
_988560
245 _aSchaum's Outlines Finite Element Analysis /
_cBuchanan, George R.
260 _aNew Delhi
_bTata McGraw Hill
_c2010.
300 _aInvp
500 _aPaperback.
563 _aPB
942 _cBK
_2ddc
999 _c32352
_d32352